000 00290nam a22001337a 4500
008 210303b ||||| |||| 00| 0 eng d
020 _a0939616017
041 _aeng
080 _a616.8
100 _a7
101 _aTRU
245 _aCraniosacral Therapy
_cUpledger,E.J
942 _2udc
_cBK
999 _c55610
_d55610